The physics of sunspots (Record no. 7294)
[ view plain ]
| 000 -LEADER | |
|---|---|
| fixed length control field | 00852nam a2200217Ia 4500 |
| 003 - CONTROL NUMBER IDENTIFIER | |
| control field | IN-BaIIA |
| 008 - FIXED-LENGTH DATA ELEMENTS--GENERAL INFORMATION | |
| fixed length control field | 211028s9999 xx 000 0 eng d |
| 040 ## - CATALOGING SOURCE | |
| Transcribing agency | IIA Library |
| 080 ## - UNIVERSAL DECIMAL CLASSIFICATION NUMBER | |
| Universal Decimal Classification number | 523.982(063) |
| Item number | CRA |
| 111 ## - MAIN ENTRY--MEETING NAME | |
| Meeting name or jurisdiction name as entry element | Conference on Sunspots |
| Location of meeting | New Mexico |
| Date of meeting or treaty signing | 1981 July 14-17 |
| 9 (RLIN) | 12479 |
| 245 #4 - TITLE STATEMENT | |
| Title | The physics of sunspots |
| Remainder of title | proceedings of the Sacramento Peak Observatory conference on sunspots, New Mexico, 14-17 July 1981 |
| Statement of responsibility, etc. | edited by Lawrence E. Cram and John H. Thomas |
| 260 ## - PUBLICATION, DISTRIBUTION, ETC. | |
| Place of publication, distribution, etc. | New Mexico |
| Name of publisher, distributor, etc. | Sacromento Peak National Observatory |
| Date of publication, distribution, etc. | 1981 |
| 300 ## - PHYSICAL DESCRIPTION | |
| Extent | v, 487p. |
| 650 ## - SUBJECT ADDED ENTRY--TOPICAL TERM | |
| Topical term or geographic name entry element | Astronomy and Astrophysics Thesaurus |
| 650 ## - SUBJECT ADDED ENTRY--TOPICAL TERM | |
| Topical term or geographic name entry element | Sun |
| 9 (RLIN) | 1200 |
| 650 ## - SUBJECT ADDED ENTRY--TOPICAL TERM | |
| Topical term or geographic name entry element | Sunspots |
| 700 ## - ADDED ENTRY--PERSONAL NAME | |
| Personal name | Cram, Lawrence E., ed. |
| 9 (RLIN) | 12480 |
| 700 ## - ADDED ENTRY--PERSONAL NAME | |
| Personal name | Thomas, John H., ed. |
| 9 (RLIN) | 12481 |
| 710 ## - ADDED ENTRY--CORPORATE NAME | |
| Corporate name or jurisdiction name as entry element | Sacramento Peak Observatory |
| 9 (RLIN) | 10407 |
| 942 ## - ADDED ENTRY ELEMENTS (KOHA) | |
| Koha item type | Books |
| Withdrawn status | Lost status | Damaged status | Not for loan | Home library | Current library | Shelving location | Date acquired | Total Checkouts | Full call number | Barcode | Date last seen | Price effective from | Koha item type |
|---|---|---|---|---|---|---|---|---|---|---|---|---|---|
| IIA Library-Bangalore | IIA Library-Bangalore | General Stacks | 09/03/1983 | 523.982(063)/ CRA | 8096 | 05/11/2021 | 09/03/1983 | Books |